| 000 | 00529nam a2200193Ia 4500 | ||
|---|---|---|---|
| 005 | 20250423095755.0 | ||
| 008 | 250422s9999 xx 000 0 und d | ||
| 020 | _a97800712844295 | ||
| 050 | _aJZ 1305 .R68/ | ||
| 100 | _aRourke T. John | ||
| 245 | 0 | _aInternational politics on the world stage | |
| 250 | _a12th ed. | ||
| 260 | _aNew York | ||
| 260 | _bMcGraw Hill | ||
| 260 | _c2008 | ||
| 300 | _a530 p | ||
| 650 | _a International relations. World politics--1989- International economic relations. | ||
| 942 | _cBK | ||
| 999 |
_c31292 _d31292 |
||